The RICS prospectus of surveying education : higher education courses in land, property and construction (Record no. 102490)

MARC details
000 -LEADER
fixed length control field 01042cam a2200265 4500
008 - FIXED-LENGTH DATA ELEMENTS--GENERAL INFORMATION
fixed length control field 000000n2002 000 0 eng u
020 ## - INTERNATIONAL STANDARD BOOK NUMBER
International Standard Book Number J120159
035 ## - SYSTEM CONTROL NUMBER
System control number (Sirsi) u120159
041 ## - LANGUAGE CODE
Language code of text/sound track or separate title eng
050 ## - LIBRARY OF CONGRESS CALL NUMBER
Classification number 333.00711
110 ## - MAIN ENTRY--CORPORATE NAME
Corporate name or jurisdiction name as entry element Royal Institution of Chartered Surveyors
9 (RLIN) 4900
245 #4 - TITLE STATEMENT
Title The RICS prospectus of surveying education : higher education courses in land, property and construction
250 ## - EDITION STATEMENT
Edition statement 6th ed.
260 ## - PUBLICATION, DISTRIBUTION, ETC.
Place of publication, distribution, etc. Wallingford
Name of publisher, distributor, etc. GTI
Date of publication, distribution, etc. 2002
300 ## - PHYSICAL DESCRIPTION
Extent 80p.
Other physical details 21cm.
350 ## - PRICE (NR) (BK AM CF MU VM SE) [OBSOLETE]
Price 0
520 ## - SUMMARY, ETC.
Summary, etc. Features a listing of over 205 RICS accredited courses worldwide: information on undergraduate and postgraduate courses of interest to students and professionals. Copies of this publication are available free from the RICS contact centre. SUPERSEDES 5TH ED.(ISBN: 1843180146).
650 ## - SUBJECT ADDED ENTRY--TOPICAL TERM
Topical term or geographic name entry element HIGHER EDUCATION
650 ## - SUBJECT ADDED ENTRY--TOPICAL TERM
Topical term or geographic name entry element POSTGRADUATE COURSES
650 ## - SUBJECT ADDED ENTRY--TOPICAL TERM
Topical term or geographic name entry element RICS ACCREDITED COURSES
650 ## - SUBJECT ADDED ENTRY--TOPICAL TERM
Topical term or geographic name entry element SURVEYING COURSES
650 ## - SUBJECT ADDED ENTRY--TOPICAL TERM
Topical term or geographic name entry element CAREERS, EDUCATION AND TRAINING
690 ## - LOCAL SUBJECT ADDED ENTRY--TOPICAL TERM (OCLC, RLIN)
Topical term or geographic name as entry element EDUCATION-CAREERS
942 ## - ADDED ENTRY ELEMENTS (KOHA)
Suppress in OPAC 0
Holdings
Withdrawn status Lost status Source of classification or shelving scheme Damaged status Not for loan Home library Current library Shelving location Date acquired Total Checkouts Full call number Barcode Date last seen Copy number Price effective from Koha item type
    Dewey Decimal Classification     London London RICS Boxes 17/10/2002   RICS 2002/48 30067939 06/08/2019 1 06/08/2019 Archive
    Dewey Decimal Classification     London London RICS Boxes 15/04/2005   RICS 2002/48 30070552 06/08/2019 2 06/08/2019 Reference material